000 00261 a2200109 4500
245 _aTHE CHURCH AND THE STRUGGLE FOR ZIMBABWE
_hText
020 _a0869226940
100 _aBANANA, CANAAN. S
650 _aZIMBABWE HISTORY 2000
005 20191017172859.0
260 _c1996
084 _aNONE
999 _c9495
_d9495